LEADER 01593nam 2200397 n 450 001 996390745403316 005 20200824120443.0 035 $a(CKB)4940000000100900 035 $a(EEBO)2264220123 035 $a(UnM)99835920e 035 $a(UnM)99835920 035 $a(EXLCZ)994940000000100900 100 $a19900816d1635 uy | 101 0 $aeng 135 $aurbn||||a|bb| 200 00$aComfortable sermons vpon the CXXIIII Psalme$b[electronic resource] $eBeing thankefull remembrances for Gods wonderfull deliuerance of vs from the late Gunpowder-treason. Preached before the Lady Elizabeth her Grace, at Combe. By Daniel Dike, Batchelor in Diuinity. Seene and allowed 210 $aLondon $cPrinted by Iohn Beale$d1635 215 $a[14], 80, 89-98, [6] p 300 $aFirst published in 1616 as: Certaine comfortable sermons upon the 124. Psalme. 300 $aIncludes index. 300 $aThe last leaf is blank. 300 $aText continuous despite pagination. 300 $aAlso issued as part of: The workes of that late reverend divine Master Daniel Dike, Batchelor in Divinity. 300 $aReproduction of the original in the Union Theological Seminary (New York, N.Y.). Library. 330 $aeebo-0160 606 $aSermons, English$y17th century 615 0$aSermons, English 700 $aDyke$b Daniel$fd. 1614.$01004969 801 0$bCu-RivES 801 1$bCu-RivES 801 2$bCStRLIN 801 2$bWaOLN 906 $aBOOK 912 $a996390745403316 996 $aComfortable sermons vpon the CXXIIII Psalme$92353496 997 $aUNISA